Größte Städte in Rheinland-Pfalz - Statistiken

Allgemein
  • Dieses Quiz wurde 1.010 mal gespielt
  • Das Durchschnittsergebnis liegt bei 13 aus 21
Antwortstatistiken
Hint Antwort % Korrekt
197.778 Mainz
100%
106.446 Koblenz
95%
104.587 Trier
92%
99.275 Kaiserslautern
89%
163.340 Ludwigshafen am Rhein
87%
81.784 Worms
79%
49.811 Speyer
75%
40.808 Pirmasens
64%
42.994 Landau in der Pfalz
62%
53.525 Neustadt an der Weinstraße
62%
24.134 Bingen am Rhein
61%
34.109 Zweibrücken
57%
43.485 Bad Kreuznach
56%
64.591 Neuwied
56%
46.874 Frankenthal (Pfalz)
53%
30.759 Idar-Oberstein
46%
27.464 Bad Neuenahr-Ahrweiler
42%
24.050 Ingelheim am Rhein
40%
29.589 Andernach
38%
20.706 Germersheim
33%
20.441 Haßloch
23%
Keine übereinstimmenden Quizze gefunden
Verteilung der Resultate
Anzahl Personen mit jedem Resultat
Perzentil nach korrekt beantworteten Fragen
Ihre Resultats-Entwicklung
Sie haben dieses Quiz noch nicht gespielt